Atmospheric chemistry and physics : from air pollution to climate change
Αποθηκεύτηκε σε:
| Κύριος συγγραφέας: | |
|---|---|
| Άλλοι συγγραφείς: | |
| Μορφή: | Βιβλίο |
| Γλώσσα: | English |
| Δημοσίευση: |
Hoboken, N.J. :
John Wiley and Sons, Inc.,
2006
|
| Έκδοση: | 2nd ed. |
| Θέματα: | |
| Ετικέτες: |
Προσθήκη ετικέτας
Δεν υπάρχουν, Καταχωρήστε ετικέτα πρώτοι!
|
MARC
| LEADER | 00000nam a2200000 i 4500 | ||
|---|---|---|---|
| 001 | 1/99798 | ||
| 008 | 081218s2006 eng d | ||
| 020 | |a 0-471-72017-8 | ||
| 035 | |l 10102605 | ||
| 040 | |a GR-MY-UA |b gre |e aacr | ||
| 041 | 0 | |a eng | |
| 082 | 0 | |a 551.511 |2 (22) | |
| 100 | 1 | |a Seinfeld, John H. | |
| 245 | 1 | 0 | |a Atmospheric chemistry and physics : |b from air pollution to climate change / |c John H. Seinfeld, Spyros N. Pandis |
| 250 | |a 2nd ed. | ||
| 260 | |a Hoboken, N.J. : |b John Wiley and Sons, Inc., |c 2006 | ||
| 300 | |a 1326 σ. |b σχ. | ||
| 504 | |a Περιέχει βιβλιογραφικές παραπομές και ευρετήριο | ||
| 650 | 0 | 0 | |a Atmospheric chemistry. |
| 650 | 0 | 0 | |a Air |x Pollution |x Environmental aspects. |
| 650 | 0 | 0 | |a Environmental chemistry. |
| 700 | 1 | |a Πανδής, Σπύρος Ν. | |
| 852 | |a INST |b LESVOS |e 20081218 |h 551.511 SEI |p 005100043745 |q 005100043745 |t BK |y 0 | ||
| 901 | |a BIBL1-2008-3 | ||
| 909 | |a Λ |b 157653 | ||
| 920 | |a ΕΠΕΑΕΚ ΠΜΣ ΠΕΡΙΒΑΛΛΟΝΤΙΚΗ ΚΑΙ ΟΙΚΟΛΟΓΙΚΗ ΜΗΧΑΝΙΚΗ |y ΛΕΣΒΟΣ |z 2008-09 | ||
| 970 | |a ΚΑΡΑ |b ΓΙΑΣΕΜΗ |z 2008/12/18 | ||